00837cam a2200241 a 450000100040000000500170000400800410002102000150006204000300007705000240010708200210013110000290015224500400018126000450022130000410026649000230030750500060033052001440033652100180048052100180049865000630051665000160057953720230525111010.0990527s2000 nyua c b 001 0beng  a0439095549 aDLCcDLCdDLCdFISKHbeng00aE457.905b.S85 200000a973.7/092aB2211 aSullivan, George,d1927-10aAbraham Lincoln /cGeorge Sullivan. aNew York :bScholastic Reference,c2000. a128 pages :billustrations ;c20 cm.1 aIn their own words aM aPresents a biography, including excerpts from his speeches, letters, and other writings, of the man who was President during the Civil War. a780 bLexile aM bRaz-Plus 0aPresidentszUnited StatesvBiographyvJuvenile literature. 1aPresidents.